The early history of South-East Bengal in the light of archaeological material / (Record no. 23031)

MARC details
000 -LEADER
fixed length control field 01148cam a2200325 a 4500
001 - CONTROL NUMBER
control field 15797640
003 - CONTROL NUMBER IDENTIFIER
control field BDDh-ASL
005 - DATE AND TIME OF LATEST TRANSACTION
control field 20231015030204.0
008 - FIXED-LENGTH DATA ELEMENTS--GENERAL INFORMATION
fixed length control field 090630s2008 bg ab b 001 0 eng
010 ## - LIBRARY OF CONGRESS CONTROL NUMBER
LC control number 2009346055
020 ## - INTERNATIONAL STANDARD BOOK NUMBER
International Standard Book Number 9843000025274
025 ## - OVERSEAS ACQUISITION NUMBER
Overseas acquisition number B-E-2009-346055; 21
037 ## - SOURCE OF ACQUISITION
Source of stock number/acquisition Library of Congress -- New Delhi Overseas Office
Terms of availability TK1000.00 ($200.00 U.S.)
040 ## - CATALOGING SOURCE
Original cataloging agency DLC
Transcribing agency DLC
Modifying agency DLC
-- BDDh-ASL
042 ## - AUTHENTICATION CODE
Authentication code lcode
043 ## - GEOGRAPHIC AREA CODE
Geographic area code a-ii---
050 00 - LIBRARY OF CONGRESS CALL NUMBER
Classification number DS485.B47
Item number H37 2008
082 ## - DEWEY DECIMAL CLASSIFICATION NUMBER
Classification number 930.1549
Item number RAE
100 1# - MAIN ENTRY--PERSONAL NAME
Personal name Harunur Rashid, M.,
Dates associated with a name 1925-2010.
245 14 - TITLE STATEMENT
Title The early history of South-East Bengal in the light of archaeological material /
Statement of responsibility, etc. M. Harunur Rashid.
260 ## - PUBLICATION, DISTRIBUTION, ETC.
Place of publication, distribution, etc. Dhaka :
Name of publisher, distributor, etc. Itihash Academy,
Date of publication, distribution, etc. 2008.
300 ## - PHYSICAL DESCRIPTION
Extent xiii, 266 p. :
Other physical details ill., maps ;
Dimensions 24 cm.
504 ## - BIBLIOGRAPHY, ETC. NOTE
Bibliography, etc. note Includes bibliographical references and index.
651 #0 - SUBJECT ADDED ENTRY--GEOGRAPHIC NAME
Geographic name Bengal (India)
General subdivision History.
651 #0 - SUBJECT ADDED ENTRY--GEOGRAPHIC NAME
Geographic name Bengal (India)
General subdivision Antiquities.
710 2# - ADDED ENTRY--CORPORATE NAME
Corporate name or jurisdiction name as entry element Itihas Academy (Dhaka, Bangladesh)
906 ## - LOCAL DATA ELEMENT F, LDF (RLIN)
a 7
b cbc
c origode
d 3
e ncip
f 20
g y-gencatlg
942 ## - ADDED ENTRY ELEMENTS (KOHA)
Source of classification or shelving scheme Dewey Decimal Classification
Koha item type Books
Holdings
Withdrawn status Lost status Source of classification or shelving scheme Damaged status Not for loan Collection code Home library Current library Shelving location Date acquired Source of acquisition Total Checkouts Full call number Barcode Date last seen Copy number Price effective from Koha item type
    Dewey Decimal Classification     Non-fiction Asiatic Society Library Asiatic Society Library General Stacks 03/11/2021 ASB Library Collections   930.1549 RAE 107414 03/11/2021 C-1 03/11/2021 Books
    Dewey Decimal Classification     Non-fiction Asiatic Society Library Asiatic Society Library General Stacks 03/11/2021 ASB Library Collections   930.1549 RAE 107415 03/11/2021 C-2 03/11/2021 Books
    Dewey Decimal Classification     Non-fiction Asiatic Society Library Asiatic Society Library Sirajul Islam Collection 07/17/2021 Donated by Professor Sirajul Islam   930.1549 RAE 110276 07/17/2021 C-3 07/17/2021 Books

Powered by Koha